Physiological chemistry (Record no. 6134)

000 -LEADER
fixed length control field 00590nam a2200169 4500
008 - FIXED-LENGTH DATA ELEMENTS--GENERAL INFORMATION
fixed length control field 150922b xxu||||| |||| 00| 0 eng d
020 ## - INTERNATIONAL STANDARD BOOK NUMBER
International Standard Book Number 9781259135330
050 ## - LIBRARY OF CONGRESS CALL NUMBER
Classification number QP 514.D46 2014
100 ## - MAIN ENTRY--PERSONAL NAME
Personal name Denniston, Katherine.
245 ## - TITLE STATEMENT
Title Physiological chemistry
Statement of responsibility, etc. Katherine Denniston,Joseph Topping,Kim Woodrum and Robert Caret
260 ## - PUBLICATION, DISTRIBUTION, ETC. (IMPRINT)
Place of publication, distribution, etc. New York,
Name of publisher, distributor, etc. McGrawHill education,
Date of publication, distribution, etc. 2014.
300 ## - PHYSICAL DESCRIPTION
Extent xxii, 819p:
Other physical details ill.
Dimensions 27cm.
504 ## - BIBLIOGRAPHY, ETC. NOTE
Bibliography, etc include Index
650 ## - SUBJECT ADDED ENTRY--TOPICAL TERM
Source of heading or term Biochemistry
700 ## - ADDED ENTRY--PERSONAL NAME
Personal name Topping,Joseph.
700 ## - ADDED ENTRY--PERSONAL NAME
Personal name Woodrum, Kim.
700 ## - ADDED ENTRY--PERSONAL NAME
Personal name Caret, Robert.
942 ## - ADDED ENTRY ELEMENTS (KOHA)
Source of classification or shelving scheme
Koha item type Hard Covered Materials
Classification part QP 514.D46 2014
Koha issues (borrowed), all copies 2
Holdings
Withdrawn status Lost status Source of classification or shelving scheme Damaged status Not for loan Home library Current library Shelving location Date acquired Source of acquisition Total Checkouts Full call number Barcode Date last seen Date last checked out Price effective from Koha item type
          MACHAKOS UNIVERSITY LIBRARY MACHAKOS UNIVERSITY LIBRARY Open shelf 22/09/2015 Donation (B.F.A) 2 QP 514.D46 2014 11487 07/02/2019 17/10/2017 22/09/2015 Hard Covered Materials
© Machakos University Library, Along The Highway, Machakos Wote Rd, Machakos, Kenya P.O. Box 136 - 90100 Machakos - Kenya

Tel: ( +254 ) 723 805829 OR Fax : 044-20353 OR Email: library@mksu.ac.ke